000 00346nam a2200133Ia 4500
008 240624s9999 xx 000 0 und d
041 _aeng
082 _a303.484 DAV
100 _aDAVIS GERALD F
245 _aSOCIAL MOVEMENTS AND ORGANIZATION THEORY
260 _c2005
_aDelhi
_bCambridge University Press
300 _a454 : p.
365 _c
_b28
999 _c20975
_d20975